000
00321nam a2200133Ia 4500
008
240624s9999 xx 000 0 und d
041
_a
eng
082
_a
823 SHE
100
_a
SHELDON SIDNEY
245
_a
WINDMILLS OF THE GODS
260
_c
2001
_a
New York
_b
Warner Books
300
_a
xiii, 433 p.; 17 cm.
365
_c
999
_c
30752
_d
30752